000 00320nam a2200121 a 4500
005 20140414132104.0
008 100726s19uu xx 00 eng d
020 _a978-0-7097-1284-8
050 _aM 398.2
_bSp9 1993
245 _aFairy tales :
_blarge print.
260 _aLondon :
_bBrown Watson,
_c1999.
999 _c114525
_d114525